00322nam a2200109Ia 4500008004100000020001500041082001700056100002100073245005600094260005000150300001200200161229s9999 xx 000 0 und d a8185475415 a332.1 MEE/RE aMeenakshi Sooden aRegional desparities of commercial banking in india bKanishka publishers distributorsaDelhic1992 axv, 371